000 01711nam a2200337 a 4500
001 ebr10471838
003 CaPaEBR
006 m u
007 cr cn|||||||||
008 101221s2011 vauacd sb 001 0 eng d
010 _z 2010051018
020 _z9781416611509 (pbk. : alk. paper)
020 _z9781416613251 (e-book)
040 _aCaPaEBR
_cCaPaEBR
035 _a(OCoLC)731199690
050 1 4 _aLC1390
_b.C54 2011eb
082 0 4 _a371.823/41
_222
100 1 _aCleveland, Kathleen Palmer.
245 1 0 _aTeaching boys who struggle in school
_h[electronic resource] :
_bstrategies that turn underachievers into successful learners /
_cKathleen Palmer Cleveland.
260 _aAlexandria, Va. :
_bASCD,
_cc2011.
300 _aix, 233 p. :
_bill., port.
504 _aIncludes bibliographical references and index.
505 0 _aFraming the issue of underachievement -- The pictures within the picture : the style dynamic -- The invisible background: cultural influences on masculine identity building -- A long-term, integrated, multifaceted approach -- Pathway no. 1: support -- Pathway no. 2: guide -- Pathway no. 3: reinforce -- Pathway no. 4: adjust -- Pathway no. 5: ignite -- Pathway no. 6: empower.
533 _aElectronic reproduction.
_bPalo Alto, Calif. :
_cebrary,
_d2011.
_nAvailable via World Wide Web.
_nAccess may be limited to ebrary affiliated libraries.
650 0 _aBoys
_xEducation.
650 0 _aUnderachievers
_xEducation.
650 0 _aAcademic achievement.
655 7 _aElectronic books.
_2local
710 2 _aebrary, Inc.
856 4 0 _uhttp://site.ebrary.com/lib/rucke/Doc?id=10471838
_zAn electronic book accessible through the World Wide Web; click to view
999 _c219658
_d219658